Draw 10 Missing Borders on the World Map #3 - Statistics

General Stats
  • This quiz has been taken 250 times
  • The average score is 315 of 317
Answers on the Map
Answers color-coded by a green-red scale on the quiz's map according to % correct below.
 
Answer Stats
L A B Bordering Countries % Correct
76 Afghanistan China Afghanistan-China
100%
936 Afghanistan Iran Afghanistan-Iran
100%
2430 Afghanistan Pakistan Afghanistan-Pakistan
100%
1206 Afghanistan Tajikistan Afghanistan-Tajikistan
100%
744 Afghanistan Turkmenistan Afghanistan-Turkmenistan
100%
137 Afghanistan Uzbekistan Afghanistan-Uzbekistan
100%
282 Albania Greece Albania-Greece
100%
112 Albania Kosovo Albania-Kosovo
100%
151 Albania Macedonia Albania-Macedonia
100%
172 Albania Montenegro Albania-Montenegro
100%
982 Algeria Libya Algeria-Libya
100%
1376 Algeria Mali Algeria-Mali
100%
463 Algeria Mauritania Algeria-Mauritania
100%
1601 Algeria Morocco Algeria-Morocco
100%
956 Algeria Niger Algeria-Niger
100%
965 Algeria Tunisia Algeria-Tunisia
100%
56.6 Andorra France Andorra-France
100%
63.7 Andorra Spain Andorra-Spain
100%
1376 Angola Namibia Angola-Namibia
100%
201 Angola Republic of the Congo Angola-Republic of the Congo
100%
1110 Angola Zambia Angola-Zambia
100%
832 Argentina Bolivia Argentina-Bolivia
100%
1224 Argentina Brazil Argentina-Brazil
100%
5300 Argentina Chile Argentina-Chile
100%
1880 Argentina Paraguay Argentina-Paraguay
100%
579 Argentina Uruguay Argentina-Uruguay
100%
787 Armenia Azerbaijan Armenia-Azerbaijan
100%
164 Armenia Georgia Armenia-Georgia
100%
35 Armenia Iran Armenia-Iran
100%
268 Armenia Turkey Armenia-Turkey
100%
362 Austria Czech Republic Austria-Czech Republic
100%
784 Austria Germany Austria-Germany
100%
366 Austria Hungary Austria-Hungary
100%
430 Austria Italy Austria-Italy
100%
35 Austria Liechtenstein Austria-Liechtenstein
100%
91 Austria Slovakia Austria-Slovakia
100%
330 Austria Slovenia Austria-Slovenia
100%
164 Austria Switzerland Austria-Switzerland
100%
322 Azerbaijan Georgia Azerbaijan-Georgia
100%
432 Azerbaijan Iran Azerbaijan-Iran
100%
284 Azerbaijan Russia Azerbaijan-Russia
100%
9 Azerbaijan Turkey Azerbaijan-Turkey
100%
4053 Bangladesh India Bangladesh-India
100%
193 Bangladesh Myanmar Bangladesh-Myanmar
100%
141 Belarus Latvia Belarus-Latvia
100%
502 Belarus Lithuania Belarus-Lithuania
100%
407 Belarus Poland Belarus-Poland
100%
959 Belarus Russia Belarus-Russia
100%
891 Belarus Ukraine Belarus-Ukraine
100%
620 Belgium France Belgium-France
100%
167 Belgium Germany Belgium-Germany
100%
148 Belgium Luxembourg Belgium-Luxembourg
100%
450 Belgium Netherlands Belgium-Netherlands
100%
266 Belize Guatemala Belize-Guatemala
100%
250 Belize Mexico Belize-Mexico
100%
306 Benin Burkina Faso Benin-Burkina Faso
100%
266 Benin Niger Benin-Niger
100%
773 Benin Nigeria Benin-Nigeria
100%
644 Benin Togo Benin-Togo
100%
470 Bhutan China Bhutan-China
100%
605 Bhutan India Bhutan-India
100%
3400 Bolivia Brazil Bolivia-Brazil
100%
861 Bolivia Chile Bolivia-Chile
100%
750 Bolivia Paraguay Bolivia-Paraguay
100%
900 Bolivia Peru Bolivia-Peru
100%
932 Bosnia and Herzegovina Croatia Bosnia and Herzegovina-Croatia
100%
225 Bosnia and Herzegovina Montenegro Bosnia and Herzegovina-Montenegro
100%
302 Bosnia and Herzegovina Serbia Bosnia and Herzegovina-Serbia
100%
1360 Botswana Namibia Botswana-Namibia
100%
1840 Botswana South Africa Botswana-South Africa
100%
0.15 Botswana Zambia Botswana-Zambia
100%
813 Botswana Zimbabwe Botswana-Zimbabwe
100%
1643 Brazil Colombia Brazil-Colombia
100%
673 Brazil France Brazil-France
100%
1119 Brazil Guyana Brazil-Guyana
100%
1290 Brazil Paraguay Brazil-Paraguay
100%
1560 Brazil Peru Brazil-Peru
100%
597 Brazil Suriname Brazil-Suriname
100%
985 Brazil Uruguay Brazil-Uruguay
100%
2200 Brazil Venezuela Brazil-Venezuela
100%
381 Brunei Malaysia Brunei-Malaysia
100%
494 Bulgaria Greece Bulgaria-Greece
100%
148 Bulgaria Macedonia Bulgaria-Macedonia
100%
608 Bulgaria Romania Bulgaria-Romania
100%
318 Bulgaria Serbia Bulgaria-Serbia
100%
240 Bulgaria Turkey Bulgaria-Turkey
100%
584 Burkina Faso Cote d'Ivoire Burkina Faso-Cote d'Ivoire
100%
549 Burkina Faso Ghana Burkina Faso-Ghana
100%
1000 Burkina Faso Mali Burkina Faso-Mali
100%
628 Burkina Faso Niger Burkina Faso-Niger
100%
126 Burkina Faso Togo Burkina Faso-Togo
100%
233 Burundi Democratic Republic of the Congo Burundi-Democratic Republic of the Congo
100%
290 Burundi Rwanda Burundi-Rwanda
100%
451 Burundi Tanzania Burundi-Tanzania
100%
541 Cambodia Laos Cambodia-Laos
100%
803 Cambodia Thailand Cambodia-Thailand
100%
1228 Cambodia Vietnam Cambodia-Vietnam
100%
797 Cameroon Central African Republic Cameroon-Central African Republic
100%
1094 Cameroon Chad Cameroon-Chad
100%
189 Cameroon Equatorial Guinea Cameroon-Equatorial Guinea
100%
298 Cameroon Gabon Cameroon-Gabon
100%
1690 Cameroon Nigeria Cameroon-Nigeria
100%
523 Cameroon Republic of the Congo Cameroon-Republic of the Congo
100%
8893 Canada United States Canada-United States
100%
1197 Central African Republic Chad Central African Republic-Chad
100%
1577 Central African Republic Democratic Republic of the Congo Central African Republic-Democratic Republic of the Congo
100%
467 Central African Republic Republic of the Congo Central African Republic-Republic of the Congo
100%
483 Central African Republic Sudan Central African Republic-Sudan
100%
1055 Chad Libya Chad-Libya
100%
1175 Chad Niger Chad-Niger
100%
87 Chad Nigeria Chad-Nigeria
100%
160 Chile Peru Chile-Peru
100%
3380 China India China-India
100%
1533 China Kazakhstan China-Kazakhstan
100%
858 China Kyrgyzstan China-Kyrgyzstan
100%
423 China Laos China-Laos
100%
4677 China Mongolia China-Mongolia
100%
2185 China Myanmar China-Myanmar
100%
1236 China Nepal China-Nepal
100%
1416 China North Korea China-North Korea
100%
523 China Pakistan China-Pakistan
100%
3645 China Russia China-Russia
100%
414 China Tajikistan China-Tajikistan
100%
1281 China Vietnam China-Vietnam
100%
590 Colombia Ecuador Colombia-Ecuador
100%
225 Colombia Panama Colombia-Panama
100%
1496 Colombia Peru Colombia-Peru
100%
2050 Colombia Venezuela Colombia-Venezuela
100%
309 Costa Rica Nicaragua Costa Rica-Nicaragua
100%
330 Costa Rica Panama Costa Rica-Panama
100%
668 Cote d'Ivoire Ghana Cote d'Ivoire-Ghana
100%
610 Cote d'Ivoire Guinea Cote d'Ivoire-Guinea
100%
532 Cote d'Ivoire Mali Cote d'Ivoire-Mali
100%
329 Croatia Hungary Croatia-Hungary
100%
25 Croatia Montenegro Croatia-Montenegro
100%
241 Croatia Serbia Croatia-Serbia
100%
670 Croatia Slovenia Croatia-Slovenia
100%
815 Czech Republic Germany Czech Republic-Germany
100%
658 Czech Republic Poland Czech Republic-Poland
100%
215 Czech Republic Slovakia Czech Republic-Slovakia
100%
2410 Democratic Republic of the Congo Republic of the Congo Democratic Republic of the Congo-Republic of the Congo
100%
217 Democratic Republic of the Congo Rwanda Democratic Republic of the Congo-Rwanda
100%
628 Democratic Republic of the Congo South Sudan Democratic Republic of the Congo-South Sudan
100%
459 Democratic Republic of the Congo Tanzania Democratic Republic of the Congo-Tanzania
100%
765 Democratic Republic of the Congo Uganda Democratic Republic of the Congo-Uganda
100%
1930 Democratic Republic of the Congo Zambia Democratic Republic of the Congo-Zambia
100%
68 Denmark Germany Denmark-Germany
100%
109 Djibouti Eritrea Djibouti-Eritrea
100%
349 Djibouti Ethiopia Djibouti-Ethiopia
100%
58 Djibouti Somalia Djibouti-Somalia
100%
360 Dominican Republic Haiti Dominican Republic-Haiti
100%
228 East Timor Indonesia East Timor-Indonesia
100%
1420 Ecuador Peru Ecuador-Peru
100%
277 Egypt Israel Egypt-Israel
100%
1115 Egypt Libya Egypt-Libya
100%
1273 Egypt Sudan Egypt-Sudan
100%
203 El Salvador Guatemala El Salvador-Guatemala
100%
342 El Salvador Honduras El Salvador-Honduras
100%
350 Equatorial Guinea Gabon Equatorial Guinea-Gabon
100%
912 Eritrea Ethiopia Eritrea-Ethiopia
100%
605 Eritrea Sudan Eritrea-Sudan
100%
339 Estonia Latvia Estonia-Latvia
100%
294 Estonia Russia Estonia-Russia
100%
861 Ethiopia Kenya Ethiopia-Kenya
100%
1600 Ethiopia Somalia Ethiopia-Somalia
100%
883 Ethiopia South Sudan Ethiopia-South Sudan
100%
723 Ethiopia Sudan Ethiopia-Sudan
100%
736 Finland Norway Finland-Norway
100%
1340 Finland Russia Finland-Russia
100%
614 Finland Sweden Finland-Sweden
100%
451 France Germany France-Germany
100%
488 France Italy France-Italy
100%
73 France Luxembourg France-Luxembourg
100%
4.4 France Monaco France-Monaco
100%
10.2 France Netherlands France-Netherlands
100%
623 France Spain France-Spain
100%
510 France Suriname France-Suriname
100%
573 France Switzerland France-Switzerland
100%
1903 Gabon Republic of the Congo Gabon-Republic of the Congo
100%
740 Gambia Senegal Gambia-Senegal
100%
723 Georgia Russia Georgia-Russia
100%
252 Georgia Turkey Georgia-Turkey
100%
138 Germany Luxembourg Germany-Luxembourg
100%
456 Germany Poland Germany-Poland
100%
334 Germany Switzerland Germany-Switzerland
100%
877 Ghana Togo Ghana-Togo
100%
246 Greece Macedonia Greece-Macedonia
100%
206 Greece Turkey Greece-Turkey
100%
256 Guatemala Honduras Guatemala-Honduras
100%
962 Guatemala Mexico Guatemala-Mexico
100%
338 Guinea-Bissau Senegal Guinea-Bissau-Senegal
100%
386 Guinea Guinea-Bissau Guinea-Guinea-Bissau
100%
563 Guinea Liberia Guinea-Liberia
100%
858 Guinea Mali Guinea-Mali
100%
330 Guinea Senegal Guinea-Senegal
100%
652 Guinea Sierra Leone Guinea-Sierra Leone
100%
600 Guyana Suriname Guyana-Suriname
100%
743 Guyana Venezuela Guyana-Venezuela
100%
922 Honduras Nicaragua Honduras-Nicaragua
100%
443 Hungary Romania Hungary-Romania
100%
151 Hungary Serbia Hungary-Serbia
100%
677 Hungary Slovakia Hungary-Slovakia
100%
102 Hungary Slovenia Hungary-Slovenia
100%
103 Hungary Ukraine Hungary-Ukraine
100%
1463 India Myanmar India-Myanmar
100%
1690 India Nepal India-Nepal
100%
2912 India Pakistan India-Pakistan
100%
1782 Indonesia Malaysia Indonesia-Malaysia
100%
820 Indonesia Papua New Guinea Indonesia-Papua New Guinea
100%
1458 Iran Iraq Iran-Iraq
100%
909 Iran Pakistan Iran-Pakistan
100%
499 Iran Turkey Iran-Turkey
100%
181 Iraq Jordan Iraq-Jordan
100%
240 Iraq Kuwait Iraq-Kuwait
100%
814 Iraq Saudi Arabia Iraq-Saudi Arabia
100%
605 Iraq Syria Iraq-Syria
100%
352 Iraq Turkey Iraq-Turkey
100%
360 Ireland United Kingdom Ireland-United Kingdom
100%
335 Israel Jordan Israel-Jordan
100%
79 Israel Lebanon Israel-Lebanon
100%
76 Israel Syria Israel-Syria
100%
39 Italy San Marino Italy-San Marino
100%
232 Italy Slovenia Italy-Slovenia
100%
3.2 Italy Vatican City Italy-Vatican City
100%
744 Jordan Saudi Arabia Jordan-Saudi Arabia
100%
375 Jordan Syria Jordan-Syria
100%
1051 Kazakhstan Kyrgyzstan Kazakhstan-Kyrgyzstan
100%
6846 Kazakhstan Russia Kazakhstan-Russia
100%
379 Kazakhstan Turkmenistan Kazakhstan-Turkmenistan
100%
2203 Kazakhstan Uzbekistan Kazakhstan-Uzbekistan
100%
682 Kenya Somalia Kenya-Somalia
100%
232 Kenya South Sudan Kenya-South Sudan
100%
769 Kenya Tanzania Kenya-Tanzania
100%
933 Kenya Uganda Kenya-Uganda
100%
159 Kosovo Macedonia Kosovo-Macedonia
100%
79 Kosovo Montenegro Kosovo-Montenegro
100%
352 Kosovo Serbia Kosovo-Serbia
100%
222 Kuwait Saudi Arabia Kuwait-Saudi Arabia
100%
870 Kyrgyzstan Tajikistan Kyrgyzstan-Tajikistan
100%
1099 Kyrgyzstan Uzbekistan Kyrgyzstan-Uzbekistan
100%
235 Laos Myanmar Laos-Myanmar
100%
1754 Laos Thailand Laos-Thailand
100%
2130 Laos Vietnam Laos-Vietnam
100%
453 Latvia Lithuania Latvia-Lithuania
100%
217 Latvia Russia Latvia-Russia
100%
375 Lebanon Syria Lebanon-Syria
100%
909 Lesotho South Africa Lesotho-South Africa
100%
306 Liberia Sierra Leone Liberia-Sierra Leone
100%
354 Libya Niger Libya-Niger
100%
383 Libya Sudan Libya-Sudan
100%
41 Liechtenstein Switzerland Liechtenstein-Switzerland
100%
91 Lithuania Poland Lithuania-Poland
100%
227 Lithuania Russia Lithuania-Russia
100%
62 Macedonia Serbia Macedonia-Serbia
100%
1569 Malawi Mozambique Malawi-Mozambique
100%
475 Malawi Tanzania Malawi-Tanzania
100%
837 Malawi Zambia Malawi-Zambia
100%
506 Malaysia Thailand Malaysia-Thailand
100%
2237 Mali Mauritania Mali-Mauritania
100%
821 Mali Niger Mali-Niger
100%
419 Mali Senegal Mali-Senegal
100%
1561 Mauritania Morocco Mauritania-Morocco
100%
813 Mauritania Senegal Mauritania-Senegal
100%
3141 Mexico United States Mexico-United States
100%
939 Moldova Ukraine Moldova-Ukraine
100%
3485 Mongolia Russia Mongolia-Russia
100%
124 Montenegro Serbia Montenegro-Serbia
100%
17 Morocco Spain Morocco-Spain
100%
491 Mozambique South Africa Mozambique-South Africa
100%
105 Mozambique Swaziland Mozambique-Swaziland
100%
756 Mozambique Tanzania Mozambique-Tanzania
100%
419 Mozambique Zambia Mozambique-Zambia
100%
1231 Mozambique Zimbabwe Mozambique-Zimbabwe
100%
1800 Myanmar Thailand Myanmar-Thailand
100%
967 Namibia South Africa Namibia-South Africa
100%
233 Namibia Zambia Namibia-Zambia
100%
1497 Niger Nigeria Niger-Nigeria
100%
19 North Korea Russia North Korea-Russia
100%
238 North Korea South Korea North Korea-South Korea
100%
196 Norway Russia Norway-Russia
100%
1619 Norway Sweden Norway-Sweden
100%
676 Oman Saudi Arabia Oman-Saudi Arabia
100%
410 Oman United Arab Emirates Oman-United Arab Emirates
100%
288 Oman Yemen Oman-Yemen
100%
206 Poland Russia Poland-Russia
100%
444 Poland Slovakia Poland-Slovakia
100%
526 Poland Ukraine Poland-Ukraine
100%
1214 Portugal Spain Portugal-Spain
100%
60 Qatar Saudi Arabia Qatar-Saudi Arabia
100%
476 Romania Serbia Romania-Serbia
100%
531 Romania Ukraine Romania-Ukraine
100%
217 Rwanda Tanzania Rwanda-Tanzania
100%
169 Rwanda Uganda Rwanda-Uganda
100%
457 Saudi Arabia United Arab Emirates Saudi Arabia-United Arab Emirates
100%
1458 Saudi Arabia Yemen Saudi Arabia-Yemen
100%
97 Slovakia Ukraine Slovakia-Ukraine
100%
430 South Africa Swaziland South Africa-Swaziland
100%
225 South Africa Zimbabwe South Africa-Zimbabwe
100%
1937 South Sudan Sudan South Sudan-Sudan
100%
435 South Sudan Uganda South Sudan-Uganda
100%
1.2 Spain United Kingdom Spain-United Kingdom
100%
822 Syria Turkey Syria-Turkey
100%
1161 Tajikistan Uzbekistan Tajikistan-Uzbekistan
100%
396 Tanzania Uganda Tanzania-Uganda
100%
338 Tanzania Zambia Tanzania-Zambia
100%
1621 Turkmenistan Uzbekistan Turkmenistan-Uzbekistan
100%
797 Zambia Zimbabwe Zambia-Zimbabwe
100%
2511 Angola Democratic Republic of the Congo Angola-Democratic Republic of the Congo
87%
1360 Chad Sudan Chad-Sudan
83%
682 Central African Republic South Sudan Central African Republic-South Sudan
80%
577 Germany Netherlands Germany-Netherlands
78%
1576 Russia Ukraine Russia-Ukraine
77%
992 Iran Turkmenistan Iran-Turkmenistan
73%
740 Italy Switzerland Italy-Switzerland
73%
459 Libya Tunisia Libya-Tunisia
70%
450 Moldova Romania Moldova-Romania
69%
716 Cote d'Ivoire Liberia Cote d'Ivoire-Liberia
63%
No matching quizzes found
Score Distribution
Percent of People with Each Score
Percentile by Number Answered
Your Score History
You have not taken this quiz